Project coast (Record no. 696418)
[ view plain ]
| 000 -LEADER | |
|---|---|
| fixed length control field | 00880nam a2200301Ia 4500 |
| 003 - CONTROL NUMBER IDENTIFIER | |
| control field | OSt |
| 005 - DATE AND TIME OF LATEST TRANSACTION | |
| control field | 20220927110412.0 |
| 008 - FIXED-LENGTH DATA ELEMENTS--GENERAL INFORMATION | |
| fixed length control field | 220926b |||||||| |||| 00| 0 eng d |
| 020 ## - INTERNATIONAL STANDARD BOOK NUMBER | |
| International Standard Book Number | 9290451440 |
| 037 ## - SOURCE OF ACQUISITION | |
| Terms of availability | Reports |
| 040 ## - CATALOGING SOURCE | |
| Original cataloging agency | RTL |
| Transcribing agency | RTL |
| Language of cataloging | eng |
| 041 ## - LANGUAGE CODE | |
| Source of code | eng |
| Language code of text/sound track or separate title | eng |
| 100 ## - MAIN ENTRY--PERSONAL NAME | |
| Personal name | Folb Peter |
| 9 (RLIN) | 377736 |
| 245 #0 - TITLE STATEMENT | |
| Title | Project coast |
| Remainder of title | Apartheid's chemical and biological. |
| 260 ## - PUBLICATION, DISTRIBUTION, ETC. | |
| Place of publication, distribution, etc. | Geneva |
| Name of publisher, distributor, etc. | U N |
| Date of publication, distribution, etc. | 2002 |
| 300 ## - PHYSICAL DESCRIPTION | |
| Extent | "xiii, 297p" |
| Dimensions | cm. |
| 490 ## - SERIES STATEMENT | |
| Series statement | United Nations Institue for Disarmament Research. Centre for Conflict Resolution |
| 650 ## - SUBJECT ADDED ENTRY--TOPICAL TERM | |
| Topical term or geographic name entry element | Disarmament Research |
| 9 (RLIN) | 377737 |
| 650 ## - SUBJECT ADDED ENTRY--TOPICAL TERM | |
| Topical term or geographic name entry element | World |
| 650 ## - SUBJECT ADDED ENTRY--TOPICAL TERM | |
| Topical term or geographic name entry element | History |
| 700 ## - ADDED ENTRY--PERSONAL NAME | |
| Personal name | Gould Chandre |
| 9 (RLIN) | 377738 |
| 942 ## - ADDED ENTRY ELEMENTS (KOHA) | |
| Classification part | "V1:1954, P1/UN" |
| Koha item type | |
No items available.
